Регионална библиотека "Любен Каравелов" - Русе

Приветствена увертюра | Концерт за пиано и оркестър (Запис номер 519748)

MARC детайли
000 -Лидер
Лидер 02190njm a2200349 a 4500
003 - Код на организацията, давaща контролен номер
Код на организацията, даваща контролен номер BLK
005 - Дата и час на последна редакция
Дата и час на последна редакция 20250318134938.0
007 - Фиксирано поле за физическо описани
Физическо описание sd ammalaaahaa
008 - Елементи от данни с фиксирана дължина
Елементи с фиксирана дължина 221104b bu |||||s|||| 00| | bu d
028 ## - PUBLISHER NUMBER
Издателски номер ВСА 1300 / 420
040 ## - Източник на каталожния запис
Код на библиотеката BLK
041 ## - Код за език
Език на записа Български
Език за КДБФ Български
080 ## - УДК
УДК текст Пиано. Вариации, прелюдии, фуги, увертюри, интермеци, интерлюдии
УДК код 786.2.083.2
УДК – определител (497.2)(086.7)
УДК – код + определител 786.2.083.2(497.2)(086.7)
100 ## - Редна дума - Автор
R(LIN) 387608
Автор Кюркчийски, Красимир Цветанов
Звания и думи, свързани с автора изтъкнат български композитор и диригент
Години, свързани с автора 1936-2011
245 ## - Сведения за заглавието
Заглавие Приветствена увертюра
-- Концерт за пиано и оркестър
Авторска отговорност Красимир Кюркчийски ; пиано Милена Моллова ; Симфоничен оркестър на Българското радио и телевизия ; диригент Александър Владигеров.
260 ## - Област на издателските данни
Място на издаване София
Име на издателя Балкантон
Година на издаване б. г.
9 (RLIN) 210374
300 ## - Физическа характеристика
Брой страници 1 грамофонна плоча
Илюстрации 33 об/мин, стерео
Размер 30 см
380 ## - Жанр
Жанр Изкуство
490 ## - СЕРИИ (Колекции)
9 (RLIN) 403801
Серия Панорама на българското музикално творчество
500 ## - Общи забележки
Обща забележка Страна А<br/>Приветствена увертюра ; Концерт за пиано и оркестър (в памет на Панчо Владигеров) : 1. Allegro<br/>Страна Б<br/>Концерт за пиано и оркестър (в памет на Панчо Владигеров) 2. Andante ; 3. Allegro vivo
650 #0 - Допълнително описание по предмет – тема
Предметна рубрика Пиано - композиции
9 (RLIN) 275984
653 ## - Ключова дума – ненормативна
9 (RLIN) 198919
Ключови думи увертюри
653 ## - Ключова дума – ненормативна
9 (RLIN) 189133
Ключови думи концерти
700 ## - Други автори (авторска отговорност)
9 (RLIN) 384038
Друг автор Владигеров, Александър Панчов
700 1# - Други автори (авторска отговорност)
9 (RLIN) 98738
Друг автор Моллова, Милена
710 ## - Име на организация или юридическо лице като допълнителен термин за търсене
Друг колективен автор Симфоничен оркестър на Българското радио и телевизия
9 (RLIN) 493991
852 ## - Местоположение
Сигнатура (форматна) Ф ІІ 3224
Отдел Хранилище
942 ## - АРТИКУЛИ
Вид на библиотечния документ Грамофонни плочи
Скрит в OPAC Не
944 ## - СЪЗДАВАНЕ И РЕДАКЦИЯ на ЗАПИСА
Дата на регистрацията/редакция Севдалина Тодорова
Служител, извършил регистрацията/редакцията 30540
Статус, дата на статуса Севдалина Тодорова
999 ## - СИСТЕМНИ КОНТРОЛНИ НОМЕРА
Koha biblionumber 519748
Koha biblioitemnumber 519748
999 ## - СИСТЕМНИ КОНТРОЛНИ НОМЕРА
Koha biblioitemnumber 519748
999 ## - СИСТЕМНИ КОНТРОЛНИ НОМЕРА
Koha biblioitemnumber 519748
Наличности
Код за отписване Код за изгубен артикул Източник на класификационната схема Код за повреда Коз за рестрикции Код за отдаване Артикулен № Име на библиотеката - собственик Име на библиотеката, в която се намира в момента Статус (Текущо местоположение) Дата на вписване в системата Местоположение - отдел Цена в лева Инвентарен номер Систематично азбучна сигнатура Баркод Цена в евро Служебен тип на артикула
  Не е изгубен Universal Decimal Classification Не е повреден само за читалня ползва се в читалня 952437 Регионална библиотека "Любен Каравелов" Русе Регионална библиотека "Любен Каравелов" Русе Хранилище 2024-10-18 Основен фонд - ползва се само за читалня 2.30 17832 Ф ІІ 3224 900000109150 1.18 Грамофонни плочи
Vip Innovations Ltd, Rousse, Bulgaria 2025